| 000 | 00784nam a2200265Ia 4500 | ||
|---|---|---|---|
| 005 | 20260121171829.0 | ||
| 008 | 008 260114s9999 xx 000 0 eng d | ||
| 020 | _a9789811548284 | ||
| 037 | _aEBOOK | ||
| 040 | _aCRL | ||
| 040 | _beng | ||
| 040 | _cCRL | ||
| 041 | _2eng | ||
| 041 | _aeng | ||
| 084 | _qCRL | ||
| 100 |
_aSabu M. Thampi, Rajesh M. Hegde, Sri Krishnan, Jayanta Mukhopadhyay, Vipin Chaudhary, Oge Marques, Selwyn Piramuthu, Juan M. Corchado _91080976 |
||
| 245 | 0 | _aAdvances in Signal Processing and Intelligent Recognition Systems | |
| 260 | _bSpringer | ||
| 260 | _bSpringer | ||
| 260 | _c2020 | ||
| 856 | _uhttps://link.springer.com/openurl?genre=book&isbn=978-981-15-4828-4 | ||
| 942 | _cEBOOK | ||
| 999 |
_c1646709 _d1646709 |
||